| 000 | 00465nam a22001811a 4500 | ||
|---|---|---|---|
| 020 | _a9780415362122 | ||
| 082 |
_a302.2 _bJOH/V |
||
| 245 |
_aVisual worlds/ _cby John R Hall (ed.) |
||
| 260 |
_aLondon: _bRoutledge, _c2005. |
||
| 300 | _a262p. | ||
| 650 | _aVisual Sociology | ||
| 650 | _aVisual Communication | ||
| 650 | _aSocial Sciences | ||
| 700 | _aJohn R Hall (ed.) | ||
| 700 | _aBlake Stimson (ed.) | ||
| 700 | _aLisa Tamiris Becker (ed.) | ||
| 942 | _cBK | ||
| 999 |
_c50178 _d50178 |
||